LIBRARY & INFORMATION CENTRE, KCAET, TAVANUR

ONLINE PUBLIC ACCESS CATALOGUE (OPAC)

Poultry husbandry / (Record no. 10922)

MARC details
000 -LEADER
fixed length control field 00497cam a2200193ua 4500
020 ## - INTERNATIONAL STANDARD BOOK NUMBER
ISBN 0 07 099389 0
041 ## - LANGUAGE CODE
Language code of text/sound track or separate title eng
082 ## - DEWEY DECIMAL CLASSIFICATION NUMBER
Classification number 636.5
Item number JUL/PO
100 ## - MAIN ENTRY--AUTHOR NAME
Personal name Jull, Morley A .
245 ## - TITLE STATEMENT
Title Poultry husbandry /
250 ## - EDITION STATEMENT
Edition statement 3 /
260 ## - PUBLICATION, DISTRIBUTION, ETC. (IMPRINT)
Place of publication New Delhi :
Name of publisher Tata Mc-Graw Hill Publishing Company ,
Year of publication 1979.
300 ## - PHYSICAL DESCRIPTION
Number of Pages 526 ; .
942 ## - ADDED ENTRY ELEMENTS (KOHA)
Koha item type Books
Holdings
Withdrawn status Lost status Damaged status Home library Current library Date acquired Full call number Accession Number Koha item type
      KAUAET KAUAET 07/04/2012 636.5 14059 Books
      KAUAET KAUAET 07/04/2012 636.5 3455 Books
free website counter